[Event "AUTO-ADV-2420"]
[Site "http://www.queenalice.com/game.php?id=1031979"]
[Date "2012.2.21"]
[Round "1"]
[White "anafab"]
[Black "Chessolino"]
[Result "1-0"]
[WhiteElo "2105"]
[BlackElo "1724"]

1. d4 d5 2. e4 e6 3. Be3 dxe4 4. Nd2 f5 5. f3 exf3 6. Ngxf3 Nf6 7. Bd3 Be7 8.
O-O Nc6 9. c3 O-O 10. Nc4 b6 11. Qc2 Bb7 12. Rae1 Qd7 13. Bf4 Rae8 14. Ng5 Nd8
15. Ne5 Qd5 16. Bc4 1-0

[Event "AUTO-ADV-2420"]
[Site "http://www.queenalice.com/game.php?id=1031980"]
[Date "2012.2.21"]
[Round "1"]
[White "Chessolino"]
[Black "axelsun"]
[Result "0-1"]
[WhiteElo "1735"]
[BlackElo "1994"]

1. e4 c5 2. Nf3 e6 3. d4 cxd4 4. Nxd4 Nf6 5. Bd3 d6 6. Nc3 a6 7. Bg5 Nbd7 8. O-O
Qb6 9. Nb3 Be7 10. Qd2 Ne5 11. Rae1 O-O 12. Kh1 Nxd3 13. Qxd3 Re8 14. f4 Bd7 15.
Rf3 Ng4 16. Nd1 f6 17. Bh4 Rac8 18. Rg3 Nf2+ 19. Nxf2 Qxf2 20. Rxg7+ Kxg7 21.
Bxf2 Bb5 22. Qg3+ Kf7 23. c3 Rg8 24. Qh4 Rg7 25. e5 dxe5 26. fxe5 f5 0-1

[Event "AUTO-ADV-2420"]
[Site "http://www.queenalice.com/game.php?id=1031981"]
[Date "2012.2.21"]
[Round "1"]
[White "axelsun"]
[Black "Chessolino"]
[Result "1-0"]
[WhiteElo "2000"]
[BlackElo "1729"]

1. g3 e5 2. Bg2 d5 3. e3 Nf6 4. Ne2 Nc6 5. c4 Be6 6. Nbc3 Be7 7. Qb3 d4 8. exd4
Nxd4 9. Nxd4 exd4 10. Ne4 c6 11. Qxb7 O-O 12. d3 c5 13. Ng5 Rb8 14. Qxa7 Nd7 15.
Nxe6 fxe6 16. O-O Ne5 17. Be4 Bd6 18. f4 Ng4 19. Qa4 Qf6 20. Qd1 Nh6 21. b3 e5
22. fxe5 Qxe5 23. Bxh6 Rxf1+ 24. Qxf1 1-0

[Event "AUTO-OPEN-2627"]
[Site "http://www.queenalice.com/game.php?id=1036623"]
[Date "2012.3.6"]
[Round "1"]
[White "Renatogr90"]
[Black "Chessolino"]
[Result "1-0"]
[WhiteElo "1411"]
[BlackElo "1830"]

1. e4 c5 2. Bc4 e6 3. e5 Nc6 4. Nf3 b6 5. d4 cxd4 6. Nxd4 Bb7 7. Nxc6 dxc6 8. a3
Be7 9. Qf3 Qc7 10. Bf4 Rd8 11. O-O Bc5 12. Bg5 Rd4 13. Bb3 Qxe5 14. c3 Re4 15.
Nd2 Re2 16. Rad1 Rxd2 17. Rxd2 Qxg5 18. g3 Nf6 19. Rfd1 O-O 20. Rd8 Nd5 21.
Rxf8+ 1-0

[Event "AUTO-OPEN-2627"]
[Site "http://www.queenalice.com/game.php?id=1036624"]
[Date "2012.3.6"]
[Round "1"]
[White "Chessolino"]
[Black "Renatogr90"]
[Result "0-1"]
[WhiteElo "1800"]
[BlackElo "1441"]

1. e4 e5 2. Nf3 Nc6 3. Bb5 Nd4 4. Nxd4 exd4 5. d3 c6 6. Bc4 Bd6 7. O-O Qf6 8. f4
b5 9. Bb3 Qh6 10. e5 Be7 11. Qg4 f6 12. f5 g5 13. Qxd4 fxe5 14. Qxe5 Nf6 15. Re1
Qg7 16. Bxg5 Rf8 17. Nc3 Nh5 18. Bxe7 Qxe5 19. Rxe5 Rh8 20. Bf6+ Kf8 21. Bxh8
Ba6 22. f6 Nf4 0-1

[Event "AUTO-OPEN-2627"]
[Site "http://www.queenalice.com/game.php?id=1036651"]
[Date "2012.3.6"]
[Round "1"]
[White "mouderjr"]
[Black "Chessolino"]
[Result "1-0"]
[WhiteElo "1915"]
[BlackElo "1976"]

1. b4 e5 2. Bb2 e4 3. a3 Nf6 4. e3 a6 5. d3 exd3 6. Bxd3 Nc6 7. Ne2 Be7 8. O-O
O-O 9. Ng3 d6 10. Nd2 Bd7 11. Nde4 Nxe4 12. Bxe4 Bf6 13. c3 Qe7 14. Qd3 g6 15.
Bxc6 Bxc6 16. Bc1 Rad8 17. Bd2 Bh4 18. Rae1 d5 19. Qd4 Bf6 20. Qg4 Bb5 21. Ne2
Bd3 22. Kh1 Bf5 23. Qg3 c5 24. Rc1 Bd3 25. Rfe1 Rfe8 26. Nf4 Be5 27. f3 f5 28.
h4 Kh8 29. Kg1 c4 30. Kf2 Rg8 31. Qh3 Bxf4 32. exf4 Qg7 33. Re5 Rge8 34. Rce1
Qf7 35. g4 fxg4 36. Rxe8+ Rxe8 37. fxg4 Rxe1 38. Kxe1 Qe6+ 39. Be3 h5 40. f5
gxf5 41. gxh5 Qe5 42. Kd2 b5 43. Bd4 1-0

[Event "AUTO-OPEN-2627"]
[Site "http://www.queenalice.com/game.php?id=1036652"]
[Date "2012.3.6"]
[Round "1"]
[White "Chessolino"]
[Black "mouderjr"]
[Result "0-1"]
[WhiteElo "1865"]
[BlackElo "1933"]

1. e4 c5 2. Nf3 d6 3. d4 cxd4 4. Nxd4 e5 5. Bb5+ Bd7 6. Bxd7+ Qxd7 7. Nf3 Be7 8.
Nc3 h6 9. Be3 Nc6 10. Qd2 Nf6 11. a3 Qg4 12. O-O-O Nxe4 13. Nxe4 Qxe4 14. Rhe1
Qg6 15. g3 O-O 16. Kb1 a5 17. Nh4 Qe6 18. f4 Bf6 19. f5 Qe7 20. Nf3 Rfd8 21. Qd5
a4 22. h4 Ra5 23. Qd2 e4 24. Bb6 Rxf5 25. Bxd8 Qxd8 26. Ng1 Qb6 27. c3 d5 28.
Rf1 Rxf1 29. Rxf1 Be7 30. Qxd5 Bxa3 31. Qxf7+ Kh7 32. Qa2 Qb5 33. c4 Qb4 34.
Qxa3 Qxc4 35. Rc1 Qd5 36. Qxa4 e3 37. Qc2+ Kh8 38. Rf1 Kg8 39. Re1 Qd4 40. Qb3+
Kh7 41. Qxe3 Qd6 42. Qc1 Nb4 43. Qc4 Qd2 44. Qe4+ Kh8 45. Qe2 Qd6 46. Rd1 Qb6
47. Qe4 Qa5 48. Qc4 b5 0-1

[Event "AUTO-OPEN-2627"]
[Site "http://www.queenalice.com/game.php?id=1036669"]
[Date "2012.3.6"]
[Round "1"]
[White "oaitsabes"]
[Black "Chessolino"]
[Result "1-0"]
[WhiteElo "2177"]
[BlackElo "1951"]

1. e4 c5 2. Nf3 e6 3. d4 cxd4 4. Nxd4 Nc6 5. Be2 Nf6 6. Nc3 Bb4 7. f3 h6 8. Nb5
d6 9. a3 Bxc3+ 10. Nxc3 a6 11. O-O O-O 12. Be3 Qc7 13. Qd2 b5 14. Rad1 Rd8 15.
Qe1 Bb7 16. Qg3 Kh7 17. Bd3 Ne5 18. Bd4 Nfd7 19. f4 Ng6 20. h4 e5 21. fxe5 Ndxe5
22. Nd5 Bxd5 23. exd5 Nxd3 24. Qxd3 1-0

[Event "AUTO-OPEN-2627"]
[Site "http://www.queenalice.com/game.php?id=1036670"]
[Date "2012.3.6"]
[Round "1"]
[White "Chessolino"]
[Black "oaitsabes"]
[Result "0-1"]
[WhiteElo "1958"]
[BlackElo "2171"]

1. e4 e6 2. d4 d5 3. exd5 exd5 4. Nf3 Nf6 5. Bg5 Be7 6. c4 O-O 7. Nc3 c6 8. c5
Bg4 9. Be2 Nbd7 10. O-O h6 11. Bh4 g5 12. Bg3 Nh5 13. Be5 Nxe5 14. Nxe5 Bxe2 15.
Qxe2 Nf4 16. Qc2 Bf6 17. Rae1 Kg7 18. Re3 Ne6 19. Ne2 Qc7 20. Rf3 Bxe5 21. dxe5
Qxe5 22. Ng3 Nd4 0-1

[Event "AUTO-ADV-2432"]
[Site "http://www.queenalice.com/game.php?id=1036876"]
[Date "2012.3.7"]
[Round "1"]
[White "Chessolino"]
[Black "marcao"]
[Result "0-1"]
[WhiteElo "1920"]
[BlackElo "1779"]

1. e4 e5 2. Nf3 Nc6 3. Bb5 Nf6 4. Nc3 h6 5. d3 Bd6 6. Be3 O-O 7. Qd2 a6 8. Bc4
b5 9. Bb3 Bb7 10. Nd5 Ng4 11. O-O Nxe3 12. fxe3 Ne7 13. Qc3 c6 14. Nxe7+ Bxe7
15. Nxe5 d5 16. exd5 cxd5 17. Qd4 Bf6 18. Qf4 Re8 19. Ng4 Re6 20. e4 Qd7 21. e5
Bg5 22. Qf5 Rf8 23. d4 Qd8 24. Rf2 Rc6 0-1

[Event "AUTO-ADV-2432"]
[Site "http://www.queenalice.com/game.php?id=1036877"]
[Date "2012.3.7"]
[Round "1"]
[White "marcao"]
[Black "Chessolino"]
[Result "1-0"]
[WhiteElo "1755"]
[BlackElo "1944"]

1. d4 Nf6 2. Bf4 e6 3. Nc3 Bb4 4. e3 O-O 5. Bd3 b6 6. Ne2 Bb7 7. O-O d5 8. h3
Nbd7 9. a3 Bd6 10. Bxd6 cxd6 11. b4 a6 12. b5 a5 13. a4 e5 14. dxe5 dxe5 15. Ng3
Qc7 16. Nce2 e4 17. Bxe4 dxe4 18. Qd2 Rac8 19. c3 Nc5 20. Nd4 Rfd8 21. Qd1 Nd3
22. Nge2 Nd5 23. Ra3 Qe7 24. Rb3 Rc4 25. Nc6 1-0

[Event "AUTO-ADV-2432"]
[Site "http://www.queenalice.com/game.php?id=1036880"]
[Date "2012.3.7"]
[Round "1"]
[White "Chessolino"]
[Black "luiz_antonio"]
[Result "0-1"]
[WhiteElo "1748"]
[BlackElo "1814"]

1. e4 e5 2. Nf3 Qf6 3. d3 Nc6 4. Nc3 Bb4 5. Bd2 Bxc3 6. Bxc3 d6 7. h3 g5 8. Qd2
g4 9. hxg4 Bxg4 10. Be2 h5 11. O-O-O Bxf3 12. Bxf3 Nge7 13. Rxh5 O-O-O 14. Rdh1
Rxh5 15. Rxh5 Ng6 16. Qg5 Qxg5+ 17. Rxg5 Nce7 0-1

[Event "AUTO-ADV-2432"]
[Site "http://www.queenalice.com/game.php?id=1036881"]
[Date "2012.3.7"]
[Round "1"]
[White "luiz_antonio"]
[Black "Chessolino"]
[Result "1-0"]
[WhiteElo "1800"]
[BlackElo "1762"]

1. e4 c5 2. c4 Nc6 3. a3 b6 4. g3 Nf6 5. Nc3 Bb7 6. Bg2 e5 7. d3 Be7 8. Bg5 O-O
9. Bxf6 Bxf6 10. Nd5 Nd4 11. Nf3 Nxf3+ 12. Qxf3 Bxd5 13. exd5 d6 14. O-O a5 15.
Qf5 Re8 16. Be4 g6 17. Qf3 Bg7 18. Qg4 1-0

[Event "AUTO-ADV-2446"]
[Site "http://www.queenalice.com/game.php?id=1041168"]
[Date "2012.3.21"]
[Round "1"]
[White "Nilanguenivert"]
[Black "Chessolino"]
[Result "1-0"]
[WhiteElo "1886"]
[BlackElo "1881"]

1. f4 d5 2. Nf3 Nc6 3. e3 Nf6 4. Bb5 Bd7 5. Bxc6 Bxc6 6. b3 e6 7. Bb2 g6 8. O-O
Bg7 9. d3 O-O 10. Nbd2 b6 11. Ne5 1-0

[Event "AUTO-ADV-2446"]
[Site "http://www.queenalice.com/game.php?id=1041169"]
[Date "2012.3.21"]
[Round "1"]
[White "Chessolino"]
[Black "Nilanguenivert"]
[Result "0-1"]
[WhiteElo "1898"]
[BlackElo "1869"]

1. e4 e5 2. Nf3 Nc6 3. Bc4 b6 4. Nc3 Bb7 5. d3 Bb4 6. O-O Nf6 7. Bg5 h6 8. Bh4
g5 9. Bg3 Qe7 10. Nd5 Nxd5 11. Bxd5 O-O-O 0-1

[Event "AUTO-ADV-2446"]
[Site "http://www.queenalice.com/game.php?id=1041184"]
[Date "2012.3.21"]
[Round "1"]
[White "Paulsains"]
[Black "Chessolino"]
[Result "1-0"]
[WhiteElo "1970"]
[BlackElo "1770"]

1. e4 c5 2. Nf3 Nc6 3. Bc4 e6 4. O-O d6 5. d3 Nf6 6. Nc3 Be7 7. Be3 a6 8. d4
cxd4 9. Nxd4 O-O 10. Nxc6 bxc6 11. Qf3 Bb7 12. Qg3 Nh5 13. Qh3 g6 14. Bh6 Re8
15. Be2 Ng7 16. Qg3 Bf6 17. Rfe1 Bxc3 18. Qxc3 1-0

[Event "AUTO-ADV-2446"]
[Site "http://www.queenalice.com/game.php?id=1041185"]
[Date "2012.3.21"]
[Round "1"]
[White "Chessolino"]
[Black "Paulsains"]
[Result "0-1"]
[WhiteElo "1993"]
[BlackElo "1969"]

1. e4 e5 2. Nf3 d6 3. Bc4 h6 4. d3 Be7 5. Nc3 Nf6 6. Be3 O-O 7. Qd2 Nc6 8. h3
Bd7 9. O-O-O a6 10. a3 Na5 11. Ba2 c5 12. Kb1 b5 13. Nd5 Nxd5 14. Bxd5 Bc6 15.
Qxa5 Qxa5 0-1

[Event "AUTO-ADV-2446"]
[Site "http://www.queenalice.com/game.php?id=1041194"]
[Date "2012.3.21"]
[Round "1"]
[White "chyco"]
[Black "Chessolino"]
[Result "1-0"]
[WhiteElo "1697"]
[BlackElo "1852"]

1. e4 c5 2. e5 Nc6 3. f4 d6 4. h3 dxe5 5. fxe5 Nxe5 6. c4 Bf5 7. d3 Bxd3 8. Bxd3
Nxd3+ 9. Kf1 e5 10. Nf3 a6 11. Qe2 Nxc1 12. Qxe5+ 1-0